000
00367nam a22001217a 4500
040
_c
RUA
082
_a
ANN ឡោ 2021 A126 Or.1
100
_a
ឡោ ប៊ុណ្ណា
245
_a
Annual Report 2021, របាយការណ៍ប្រចាំឆ្នាំ២០២១
260
_a
PHNOM PENH
_b
RUA
_c
2021
300
_a
vii,
_b
ill,
_c
29cm,
942
_c
REC
999
_c
25183
_d
25183